000 00411nam a2200169Ia 4500
001 16469
003 IN-NITTTR
005 20251114233155.0
008 251113s9999||||xx |||||||||||||| ||eng||
040 _beng
040 _cIN-NITTTR
041 _aeng
082 _a005.136 L577A
100 _aLeventhal, Lance A
245 0 _a8080/8085 assembly language programming /
_cLeventhal, Lance A
942 _2ddc
_cBK
999 _c19103
_d19103